Especially You - Wallows (All Lyrics) - Statistics

General Stats
  • This quiz has been taken 8 times
  • The average score is 241 of 255
Answer Stats
Hint Answer % Correct
a
100%
are
100%
back
100%
background,
100%
'bout
100%
But
100%
Can
100%
can't
100%
Verse 1 | Verse 2 Can't
100%
comprehend
100%
confused
100%
distract
100%
especially
100%
eyes
100%
from
100%
get
100%
gone
100%
got
100%
head
100%
here
100%
I
100%
in
100%
just
100%
lack,
100%
leave
100%
life's
100%
like
100%
Living
100%
me
100%
Me
100%
meant
100%
mind,
100%
my
100%
My
100%
not
100%
now
100%
of
100%
off
100%
out
100%
red
100%
said
100%
Sleepless,
100%
Some
100%
that
100%
That's
100%
that's
100%
the
100%
things
100%
Chorus Thinking
100%
time
100%
to
100%
waste
100%
what
100%
when
100%
When
100%
wondering
100%
Wondering
100%
you
100%
Outro (You)
100%
you're
100%
and
75%
anything
75%
baby
75%
come
75%
did
75%
Don't
75%
help
75%
I'll
75%
into
75%
it
75%
know
75%
make
75%
mood
75%
narrative
75%
react,
75%
read
75%
relax ?
75%
sentiment
75%
stop
75%
swings
75%
wrong ?
75%
wrong
75%
you'll
75%
Feel
50%
how
50%
if
50%
nothing
50%
Paste
50%
save
50%
stick
50%
tend
50%
Wait,
50%
without
50%
Decide
25%
facts
25%
truth
25%
No matching quizzes found
Score Distribution
Percent of People with Each Score
Percentile by Number Answered
Your Score History
You have not taken this quiz